Estadísticas para Top 10 Estados de EE. UU. que Reciben más Lluvia

Haz click aquí para tomar la prueba!

Estadísticas generales

  • Esta prueba ha sido tomada 36 veces
  • La puntuación promedio es 7 de 10

Estadísticas de respuestas

cm/añoEstado% Correcto
138.5Florida
100%
148.0Alabama
88%
152.8Luisiana
84%
127.9Carolina del Norte
84%
128.7Georgia
81%
149.9Misisipi
78%
137.6Tennessee
69%
161.8Hawái
59%
128.4Arkansas
50%
127.9Connecticut
22%

Distribución de puntuación

Porcentaje por número respondido

Porcentaje de gente con cada puntuación

Historial de tus puntuaciones

No has tomado esta prueba